| 000 | 005270000a22001930004500 | ||
|---|---|---|---|
| 001 | 000557 | ||
| 003 | MACL | ||
| 005 | 20150801163756.0 | ||
| 008 | 150801b xxu||||| |||| 00| 0 eng d | ||
| 040 |
_aMACL _cMACL |
||
| 041 | _aEnglish | ||
| 082 | _a356.54/MAH | ||
| 100 |
_aA United Service Instiution Of India, _94203 |
||
| 245 |
_aA Career In India _bArmed Forced _cA United Service Instiution Of India |
||
| 260 |
_aNew Delhi _c2001 _bOcean books, |
||
| 350 | _a200 | ||
| 650 |
_aMilitary Science _94204 |
||
| 942 |
_k356 _cBK _2ddc |
||
| 999 |
_c557 _d557 |
||